Llwytho...

Cell biology: A short course

Manylion Llyfryddiaeth
Prif Awdur: Bolsover,Stephen R.
Awduron Eraill: Hyams, Jeremy S.,et al
Fformat: Printed Book
Iaith:Undetermined
Cyhoeddwyd: New York : John Wiley & Sons Inc., 2004
Rhifyn:2 ed
Pynciau:
LEADER 00525nam a2200157Ia 4500
008 200122s9999||||xx |||||||||||||| ||und||
080 |a 574.87  |b BOL-C2 
100 |a Bolsover,Stephen R. 
245 0 |a Cell biology: A short course 
250 |a 2 ed 
260 |a  New York :  |b John Wiley & Sons Inc.,  |c 2004 
650 |a Cytology-- Biology 
700 |a  Hyams, Jeremy S.,et al. 
942 |c BK 
999 |c 261260  |d 261260 
952 |0 0  |1 0  |4 0  |6 574_870000000000000_BOLC2  |7 0  |9 277470  |a BCH  |b BCH  |l 0  |o 574.87 BOL-C2  |p BCH2367  |r 2020-01-24  |w 2020-01-24  |y BK